000
00273nam a22001097a 4500
008
230704b xxu||||| |||| 00| 0 eng d
082
_a
354.6
_b
WAR 1980
245
_a
Report of the Civil Service Review Committee 1979-80
260
_c
1980
300
_a
254p
942
_2
ddc
_c
BK
999
_c
3734
_d
3734